[Event "Wch Seniors 50 30th"]
[Site "Assisi"]
[Date "2022.11.16"]
[Round "2"]
[White "Imanaliev, Taalaibek"]
[Black "Hafenstein, Andrea"]
[Result "1/2-1/2"]
[WhiteElo "2283"]
[BlackElo "1813"]
[PlyCount "50"]
[EventDate "2022.11.15"]
[EventType "swiss"]
[EventRounds "11"]
[EventCountry "ITA"]
[SourceTitle "CBM 211 Extra"]
[Source "ChessBase"]
[SourceDate "2023.01.31"]
[SourceVersion "1"]
[SourceVersionDate "2023.01.31"]
[SourceQuality "1"]

1. e4 e5 2. Nf3 Nc6 3. Bb5 d6 4. d4 Bd7 5. d5 Nce7 6. Bxd7+ Qxd7 7. c4 Qg4 8. 0-0 Qxe4 9. Qb3 Qg4 10. Qxb7 Qc8 11. Qb5+ Qd7 12. Qa5 h6 13. Nc3 f5 14. Nb5 Kf7 15. Qxc7 Qxc7 16. Nxc7 Rc8 17. Nb5 Ng6 18. b3 a6 19. Nc3 Nf6 20. Ba3 Be7 21. Rac1 Nf4 22. Rfd1 g5 23. c5 Ne4 24. g3 Nxc3 25. Rxc3 Ne2+ 1/2-1/2

[Event "EU-chT Seniors 50"]
[Site "Dresden"]
[Date "2022.11.01"]
[Round "6.4"]
[White "Hoffmann, Uwe"]
[Black "Hafenstein, Andrea"]
[Result "1/2-1/2"]
[WhiteElo "1772"]
[BlackElo "1813"]
[PlyCount "48"]
[EventDate "2022.10.27"]
[EventType "team-swiss"]
[EventRounds "9"]
[EventCountry "GER"]
[SourceTitle "EXT 2024"]
[Source "ChessBase"]
[SourceDate "2023.10.10"]
[SourceVersion "1"]
[SourceVersionDate "2023.10.10"]
[SourceQuality "1"]
[WhiteTeam "Radebeul Chemie 50"]
[BlackTeam "Germany (Women) 50 II"]
[WhiteTeamCountry "GER"]
[BlackTeamCountry "GER"]

1. e4 d5 2. exd5 Qxd5 3. Nc3 Qa5 4. d4 c6 5. Nf3 g6 6. Bc4 Bg7 7. 0-0 Nf6 8. Qe2 e6 9. h3 0-0 10. Bf4 Qd8 11. Rfd1 Re8 12. Ne4 Nxe4 13. Qxe4 Nd7 14. c3 Nf6 15. Qc2 b5 16. Bb3 a5 17. a4 Bb7 18. Ne5 Rc8 19. Nd3 Nd5 20. Bg3 Ba8 21. Nc5 Bf8 22. Re1 Qg5 23. Ne4 Qd8 24. Nc5 Qg5 1/2-1/2

[Event "EU-ch (Women) 8th"]
[Site "Dresden"]
[Date "2007.04.12"]
[Round "9"]
[White "Hafenstein, Andrea"]
[Black "Brunello, Roberta"]
[Result "0-1"]
[WhiteElo "1945"]
[BlackElo "1969"]
[PlyCount "116"]
[EventDate "2007.04.03"]
[EventType "swiss"]
[EventRounds "11"]
[EventCountry "GER"]
[SourceTitle "CBM 117 Extra"]
[Source "ChessBase"]
[SourceDate "2007.05.09"]
[SourceVersion "1"]
[SourceVersionDate "2007.05.09"]
[SourceQuality "1"]

1. e4 e5 2. Nf3 Nc6 3. Bc4 Bc5 4. c3 Nf6 5. d3 a6 6. Bb3 d6 7. h3 h6 8. 0-0 Ba7 9. Re1 0-0 10. Nbd2 Nh5 11. Nf1 Qf6 12. Be3 Nf4 13. Bxa7 Rxa7 14. N1h2 Bxh3 15. g3 Ng6 16. Re3 Raa8 17. Qe2 Be6 18. Bc2 Qe7 19. d4 exd4 20. cxd4 Bd7 21. a3 Qd8 22. Bb3 Kh8 23. Re1 Nce7 24. Nd2 f5 25. f4 fxe4 26. Rxe4 Nf5 27. Qg2 Qf6 28. Ng4 Qd8 29. Qh2 c6 30. Nf3 Nxd4 31. Nxd4 Bxg4 32. Ne6 Qb6+ 33. R4e3 Bxe6 34. Bxe6 Rae8 35. Qf2 Ne5 36. Qe2 Rxe6 37. fxe5 Rxe5 38. Kg2 Rxe3 39. Qxe3 Qxe3 40. Rxe3 Rf7 41. Kh3 g6 42. Re6 Rd7 43. Rxg6 Kh7 44. Re6 d5 45. Kg2 d4 46. Re2 d3 47. Rd2 Kg6 48. Kf3 Kg5 49. Kg2 Kg4 50. Kf2 h5 51. b3 c5 52. Kg2 b5 53. Kf2 c4 54. bxc4 bxc4 55. Ke1 c3 56. Ra2 d2+ 57. Kd1 Kxg3 58. a4 h4 0-1

[Event "EU-ch (Women) 8th"]
[Site "Dresden"]
[Date "2007.04.08"]
[Round "6"]
[White "Hafenstein, Andrea"]
[Black "Richards, Heather"]
[Result "0-1"]
[WhiteElo "1945"]
[BlackElo "2220"]
[PlyCount "88"]
[EventDate "2007.04.03"]
[EventType "swiss"]
[EventRounds "11"]
[EventCountry "GER"]
[SourceTitle "CBM 117 Extra"]
[Source "ChessBase"]
[SourceDate "2007.05.09"]
[SourceVersion "1"]
[SourceVersionDate "2007.05.09"]
[SourceQuality "1"]

1. e4 e6 2. Qe2 c5 3. g3 Nc6 4. Nf3 g6 5. Bg2 Bg7 6. c3 d6 7. Na3 Nge7 8. 0-0 0-0 9. Nc2 e5 10. Rb1 f5 11. d3 Be6 12. c4 h6 13. Nfe1 f4 14. b4 cxb4 15. Nxb4 Nd4 16. Qd1 f3 17. Bxf3 Nxf3+ 18. Nxf3 Bg4 19. Qb3 Bxf3 20. c5+ Kh7 21. Nc2 Qd7 22. Ne1 Be2 23. cxd6 Nc6 24. Be3 Bxf1 25. Kxf1 Qxd6 26. Qc4 Qd7 27. Kg2 Rf7 28. Nf3 Raf8 29. Nh4 Bf6 30. Bc5 Rc8 31. Qa4 Bxh4 32. gxh4 Qg4+ 33. Kh1 Qf3+ 34. Kg1 Qxd3 35. Rd1 Qf3 36. Be3 Qg4+ 37. Kh1 b5 38. Qb3 Qxe4+ 39. Kg1 Rcf8 40. h5 Qg4+ 41. Kh1 Qxh5 42. Kg1 Qg4+ 43. Kh1 Nd4 44. Qd3 Nf3 0-1

[Event "EU-ch (Women) 8th"]
[Site "Dresden"]
[Date "2007.04.07"]
[Round "5"]
[White "Sautter, Elke"]
[Black "Hafenstein, Andrea"]
[Result "1-0"]
[WhiteElo "2046"]
[BlackElo "1945"]
[PlyCount "107"]
[EventDate "2007.04.03"]
[EventType "swiss"]
[EventRounds "11"]
[EventCountry "GER"]
[SourceTitle "CBM 117 Extra"]
[Source "ChessBase"]
[SourceDate "2007.05.09"]
[SourceVersion "1"]
[SourceVersionDate "2007.05.09"]
[SourceQuality "1"]

1. e4 c5 2. Nc3 d6 3. f4 Nc6 4. Nf3 a6 5. d3 g6 6. g3 Bg7 7. Bg2 e6 8. 0-0 Nge7 9. Ne2 0-0 10. c3 d5 11. Be3 b6 12. Bf2 Bb7 13. e5 Qc7 14. g4 Rad8 15. Qe1 Bc8 16. Kh1 f5 17. h3 Na7 18. Be3 a5 19. Rd1 Nac6 20. a3 Rde8 21. Rg1 Nd8 22. Qh4 Nec6 23. gxf5 exf5 24. Ng5 Bh8 25. Bxd5+ Be6 26. Nxe6 Nxe6 27. Ng3 Bg7 28. Nf1 Re7 29. Nh2 Ncd8 30. Nf3 Nf7 31. Qf2 Qd7 32. Ba2 Rd8 33. d4 cxd4 34. cxd4 Qa4 35. Rd3 Nc5 36. Rdd1 Ne4 37. Qe2 Rc8 38. Ne1 Kf8 39. Bd5 Nd8 40. Rd3 Rec7 41. Bxe4 fxe4 42. Rd2 Qb3 43. d5 Rf7 44. Ng2 Bh6 45. Qd1 Qb5 46. Qg4 Rc5 47. Qh4 Ke8 48. Qxh6 Rf5 49. Qxh7 Kf8 50. Qxg6 Rf7 51. Nh4 Qe8 52. Qg8+ Ke7 53. Ng6+ Kd7 54. e6+ 1-0

[Event "EU-ch (Women) 8th"]
[Site "Dresden"]
[Date "2007.04.03"]
[Round "1"]
[White "Petrenko, Svetlana"]
[Black "Hafenstein, Andrea"]
[Result "1-0"]
[WhiteElo "2319"]
[BlackElo "1945"]
[PlyCount "62"]
[EventDate "2007.04.03"]
[EventType "swiss"]
[EventRounds "11"]
[EventCountry "GER"]
[SourceTitle "CBM 117 Extra"]
[Source "ChessBase"]
[SourceDate "2007.05.09"]
[SourceVersion "1"]
[SourceVersionDate "2007.05.09"]
[SourceQuality "1"]

1. e4 c5 2. Nf3 Nc6 3. Nc3 g6 4. d4 cxd4 5. Nxd4 Bg7 6. Be3 a6 7. Be2 e6 8. 0-0 Nge7 9. a4 0-0 10. Qd2 b6 11. Rad1 Nxd4 12. Bxd4 Qc7 13. Bxg7 Kxg7 14. f4 Qc5+ 15. Kh1 Rd8 16. Bf3 Ra7 17. g4 Rc7 18. f5 Qe5 19. Bg2 Ng8 20. Qd6 Qc5 21. e5 Bb7 22. f6+ Kh8 23. g5 Bxg2+ 24. Kxg2 b5 25. axb5 axb5 26. Rf2 b4 27. Ne4 Qa5 28. Ra1 Qxa1 29. Qxc7 Qa8 30. Kf3 b3 31. c3 h5 1-0

[Event "EU-ch (Women) 5th"]
[Site "Dresden"]
[Date "2004.04.01"]
[Round "11"]
[White "Hafenstein, Andrea"]
[Black "Acar, Gizem"]
[Result "1-0"]
[WhiteElo "2051"]
[BlackElo "1888"]
[PlyCount "99"]
[EventDate "2004.03.21"]
[EventType "swiss"]
[EventRounds "12"]
[EventCountry "GER"]
[SourceTitle "CBM 099 Extra"]
[Source "ChessBase"]
[SourceDate "2004.05.04"]
[SourceVersion "1"]
[SourceVersionDate "2004.05.04"]
[SourceQuality "1"]

1. e4 c6 2. g3 d5 3. Bg2 dxe4 4. Bxe4 Nf6 5. Bg2 Bf5 6. d3 e6 7. Ne2 Be7 8. 0-0 0-0 9. a3 Qc7 10. Nbc3 Nbd7 11. Bg5 h6 12. Be3 Nd5 13. Nxd5 exd5 14. f3 Rfe8 15. Qd2 Bf6 16. Nd4 Bg6 17. Bf2 c5 18. Nb5 Qb6 19. Nc3 Bxc3 20. bxc3 Qd6 21. Rfe1 f6 22. Rxe8+ Rxe8 23. Re1 Rxe1+ 24. Qxe1 Kf8 25. Qb1 Qb6 26. Qa2 Bf7 27. a4 Qd6 28. a5 Ke7 29. f4 b6 30. axb6 axb6 31. Qa8 Nf8 32. Bh3 Be6 33. f5 Bd7 34. g4 Qc6 35. Qa2 Qb7 36. Qa3 Bc6 37. Bf1 Qa8 38. Qc1 Qe8 39. d4 Nd7 40. Qb2 Kf7 41. Bg2 Qe2 42. h3 h5 43. Qa2 c4 44. Qa3 Qd1+ 45. Kh2 Qxc2 46. Bg3 Qe2 47. Qd6 Ba4 48. Qxd5+ Ke7 49. Bd6+ Ke8 50. Qa8+ 1-0

[Event "EU-ch (Women) 5th"]
[Site "Dresden"]
[Date "2004.03.31"]
[Round "10"]
[White "Hielscher, Ursula"]
[Black "Hafenstein, Andrea"]
[Result "0-1"]
[WhiteElo "1974"]
[BlackElo "2051"]
[PlyCount "92"]
[EventDate "2004.03.21"]
[EventType "swiss"]
[EventRounds "12"]
[EventCountry "GER"]
[SourceTitle "CBM 099 Extra"]
[Source "ChessBase"]
[SourceDate "2004.05.04"]
[SourceVersion "1"]
[SourceVersionDate "2004.05.04"]
[SourceQuality "1"]

1. d4 Nf6 2. c4 c5 3. d5 e6 4. Nc3 exd5 5. cxd5 d6 6. e4 g6 7. f3 Bg7 8. Bf4 a6 9. Qa4+ Bd7 10. Bb5 0-0 11. Bxd6 Bxb5 12. Nxb5 axb5 13. Qxa8 Qxd6 14. Qxb7 b4 15. Rc1 Nfd7 16. Rc2 Qf4 17. Qb5 Bxb2 18. Ne2 Qe5 19. 0-0 Bd4+ 20. Nxd4 Qxd4+ 21. Kh1 f5 22. Qc4 Qf6 23. Re1 Ne5 24. Qe2 Nbd7 25. f4 Ng4 26. exf5 gxf5 27. Qe6+ Rf7 28. Qxf6 Ngxf6 29. d6 Ne4 30. Rd1 Rf6 31. g3 Kf8 32. Kg2 Rxd6 33. Rxd6 Nxd6 34. Rd2 Ke7 35. Re2+ Kf6 36. Rd2 Ke6 37. Re2+ Kd5 38. Re7 Nf6 39. Re5+ Kd4 40. Kf3 Nfe4 41. Re7 c4 42. Rxh7 c3 43. Ke2 c2 44. Rc7 Nc4 45. Rd7+ Kc3 46. Rd3+ Kb2 0-1